000
00308nam a2200121 a 4500
008
100920s1968|||| d
245
1
0
_a
Dr. Schlüser
100
1
_a
Egel, Karl Georg
260
_b
Vydavateľstvo politickej literatúry
_a
Bratislava
_c
1968
020
_c
19,50
044
_a
xo
_c
SK
041
_a
slo
999
_c
10495
_d
10495